00726 2200229 4500001002100000005001700021008004100038035002400079082001100103090002200114100002600136245011700162260002800279300003200307500006700339500002700406650002400433850000900457985000600466986000900472999001500481YOGYA-0209000007238320090227093623.0 ind  0010-020900000072383 a658.81 a658.81bTum AlSK aTUMENGGU, Akhmad Avip aAnalisa break even pada perusahaan percetakan PD.Anindya Unit Percetakan Negeri YogyakartacAchmad Avid Tumenggu aYogyakartab[s.n]c1995 ax,69,[8] lembarbilusc1995 aLaporan Akhir Akademi keuangan dan perbankan ,YIPK" Yogyakarta aBibliografi;lembar[70] aManajemen penjualan aBPAD a1 aheru a08A0036545